| 000 | 00885nam a2200265Ia 4500 | ||
|---|---|---|---|
| 001 | 16499 | ||
| 003 | GE_BSU | ||
| 008 | 181216s||||||||xx |||||||||||||| ||und|| | ||
| 020 | _a9785970405406 | ||
| 040 | _cGE_BSU | ||
| 080 | _a615.9(075.8) | ||
| 100 | _aАвт.колл.Борисова,Е.Я..ВолковА.А. Еремин,С,А, и др | ||
| 245 | _aТоксикологическая химия:ситуационные задачи и упражнения | ||
| 245 | _bУчеб.пособ. | ||
| 245 | _cПод ред:Н,И,Калетиной | ||
| 260 | _aМосква | ||
| 260 | _bЭотар-Медиа | ||
| 260 | _c2007 | ||
| 300 | _a352стр,илл,21см. | ||
| 541 | _h22л | ||
| 653 | _aТоксикологическая химия | ||
| 653 | _aტოქსიკოლოგიური ქიმია | ||
| 653 | _aქიმია | ||
| 942 | _cBK | ||
| 999 |
_c49567 _d49567 |
||